[Event "4NCL Div 1 2018-19"]
[Site "Daventry"]
[Date "2018.11.10"]
[Round "1"]
[White "Stepanyan, Henrik"]
[Black "Touzane, Olivier"]
[Result "1-0"]
[WhiteElo "2158"]
[BlackElo "2297"]
[Annotator "ChessBase"]
[PlyCount "97"]
[EventDate "2018.11.10"]
[EventType "team-tourn"]
[EventCountry "GBR"]
[SourceTitle "playchess.com"]
[Source "ChessBase"]
[SourceQuality "1"]
[TimeControl "40/6000+30:3000+30"]

1. d4 {[%emt 0:00:00]} Nf6 {[%emt 0:00:00]} 2. Nf3 {[%emt 0:00:23]} g6 {[%emt 0:01:42]} 3. c4 {[%emt 0:01:05]} d6 {[%emt 0:03:23]} 4. Nc3 {[%emt 0:00:52]} Bf5 {[%emt 0:01:09]} 5. g3 {[%emt 0:10:47]} Bg7 {[%emt 0:13:19]} 6. Bg2 {[%emt 0:00:31]} Qc8 {[%emt 0:08:02]} 7. Qb3 {[%emt 0:14:55]} Nc6 {[%emt 0:02:25]} 8. d5 {[%emt 0:13:33]} Nd8 {[%emt 0:02:58]} 9. Nd4 {[%emt 0:10:04]} Bh3 {[%emt 0:10:16]} 10. Qa4+ {[%emt 0:09:22]} Bd7 {[%emt 0:05:04]} 11. Qd1 {[%emt 0:00:04]} c5 {[%emt 0:10:07]} 12. Nf3 {[%emt 0:04:45]} a6 {[%emt 0:09:45]} 13. a4 {[%emt 0:01:58]} Bh3 {[%emt 0:04:19]} 14. O-O {[%emt 0:00:05]} h5 {[%emt 0:00:43]} 15. Bxh3 {[%emt 0:11:30]} Qxh3 {[%emt 0:00:06]} 16. Ng5 {[%emt 0:00:06]} Qd7 {[%emt 0:06:17]} 17. h4 {[%emt 0:00:35]} Ng4 {[%emt 0:11:42]} 18. Qc2 {[%emt 0:04:25]} Bd4 {[%emt 0:12:56]} 19. Bd2 {[%emt 0:12:05]} Rg8 {[%emt 0:00:26]} 20. a5 {[%emt 0:07:10]} f6 {[%emt 0:00:53]} 21. Nf3 {[%emt 0:02:08]} Ne5 {[%emt 0:00:46]} 22. Nxe5 {[%emt 0:03:36]} Qh3 {[%emt 0:02:55]} 23. Nf3 {[%emt 0:00:57]} Qxg3+ {[%emt 0:01:14]} 24. Kh1 {[%emt 0:00:02]} Qh3+ {[%emt 0:00:11]} 25. Nh2 {[%emt 0:00:36]} Qxh4 {[%emt 0:01:00]} 26. Qe4 {[%emt 0:00:49]} Bxf2 {[%emt 0:00:35]} 27. Qxh4 {[%emt 0:00:18]} Bxh4 {[%emt 0:00:05]} 28. Nf3 {[%emt 0:00:20]} Bg3 {[%emt 0:00:49]} 29. Ne4 {[%emt 0:00:01]} Be5 {[%emt 0:00:35]} 30. Nxe5 {[%emt 0:00:02]} fxe5 {[%emt 0:00:15]} 31. Ng5 {[%emt 0:00:17]} Rb8 {[%emt 0:00:35]} 32. Ra3 {[%emt 0:00:33]} Rf8 {[%emt 0:00:44]} 33. Rxf8+ {[%emt 0:01:02]} Kxf8 {[%emt 0:00:05]} 34. Kg2 {[%emt 0:00:07]} Ke8 {[%emt 0:00:55]} 35. Rb3 {[%emt 0:00:30]} Kd7 {[%emt 0:00:12]} 36. Ne4 {[%emt 0:01:24]} Nf7 {[%emt 0:00:33]} 37. Rf3 {[%emt 0:00:41]} Ke8 {[%emt 0:00:49]} 38. Rg3 {[%emt 0:00:22]} Nh8 {[%emt 0:00:28]} 39. Ng5 {[%emt 0:00:50]} b5 {[%emt 0:00:30]} 40. Rb3 {[%emt 0:00:31]} b4 {[%emt 0:00:36]} 41. Rf3 {[%emt 0:01:08]} Kd7 {[%emt 0:00:22]} 42. b3 {[%emt 0:05:34]} Rg8 {[%emt 0:01:39]} 43. Kh3 {[%emt 0:00:57]} Ke8 {[%emt 0:01:00]} 44. Kh4 {[%emt 0:02:36]} Rg7 {[%emt 0:02:08]} 45. Ne6 {[%emt 0:01:27]} Rg8 {[%emt 0:02:56]} 46. Be3 {[%emt 0:03:45]} e4 {[%emt 0:03:06]} 47. Rf1 {[%emt 0:07:34]} g5+ {[%emt 0:03:19]} 48. Kxh5 {[%emt 0:02:24]} Ng6 {[%emt 0:00:18]} 49. Kh6 {[%emt 0:00:20]} 1-0

[Event "4NCL Div 1 2018-19"]
[Site "Daventry"]
[Date "2018.11.10"]
[Round "1"]
[White "Dunn, Andrew"]
[Black "Gayson, Peter M"]
[Result "1/2-1/2"]
[WhiteElo "2155"]
[BlackElo "2170"]
[Annotator "NA"]
[PlyCount "74"]
[EventDate "2018.11.10"]
[EventType "team-tourn"]
[EventCountry "GBR"]
[SourceTitle "playchess.com"]
[Source "ChessBase"]
[SourceQuality "1"]
[TimeControl "40/6000+30:3000+30"]

1. d4 {[%emt 0:00:00]} f5 {[%emt 0:00:11]} 2. g3 {[%emt 0:00:17]} g6 {[%emt 0:00:24]} 3. h4 {[%emt 0:02:01]} Nh6 {[%emt 0:05:29]} 4. h5 {[%emt 0:01:31]} Nf7 {[%emt 0:01:09]} 5. hxg6 {[%emt 0:02:14]} hxg6 {[%emt 0:00:11]} 6. Rxh8 {[%emt 0:00:08]} Nxh8 {[%emt 0:00:05]} 7. Nc3 {[%emt 0:00:24]} d5 {[%emt 0:05:23]} 8. Bg2 {[%emt 0:00:29]} Be6 {[%emt 0:05:08]} 9. Nh3 {[%emt 0:01:44]} c6 {[%emt 0:03:30]} 10. Nf4 {[%emt 0:06:53]} Bf7 {[%emt 0:03:47]} 11. Nd3 {[%emt 0:25:49]} Nd7 {[%emt 0:01:47]} 12. Bf4 {[%emt 0:06:49]} Bg7 {[%emt 0:04:30]} 13. e3 {[%emt 0:06:17]} e6 $11 {[%emt 0:19:16]} 14. g4 {[%emt 0:20:00]} Qe7 {[%emt 0:07:00]} 15. Qf3 {[%emt 0:10:19]} e5 {[%emt 0:32:24]} 16. dxe5 {[%emt 0:03:07]} Bxe5 {[%emt 0:03:59]} 17. Nxe5 {[%emt 0:07:00]} Nxe5 {[%emt 0:00:20]} 18. Qh3 {[%emt 0:01:06]} O-O-O {[%emt 0:08:28]} 19. gxf5 {[%emt 0:00:46]} Qf6 {[%emt 0:01:18]} 20. fxg6+ {[%emt 0:01:34]} Be6 {[%emt 0:00:18]} 21. Qg3 {[%emt 0:00:50]} Nhxg6 {[%emt 0:03:32]} 22. Bg5 {[%emt 0:00:10]} Qf5 {[%emt 0:00:28]} 23. Bxd8 {[%emt 0:00:31]} Qxc2 {[%emt 0:00:25]} 24. Rd1 {[%emt 0:05:41]} Kxd8 {[%emt 0:01:41]} 25. Qg5+ {[%emt 0:04:04]} Kd7 {[%emt 0:00:14]} 26. Ne2 {[%emt 0:01:31]} Nd3+ {[%emt 0:00:56]} 27. Rxd3 {[%emt 0:00:06]} Qxd3 {[%emt 0:00:09]} 28. Nd4 {[%emt 0:00:59]} Qb1+ {[%emt 0:00:44]} 29. Ke2 {[%emt 0:00:09]} Qxb2+ {[%emt 0:00:27]} 30. Kf3 {[%emt 0:00:08]} Qb1 {[%emt 0:00:33]} 31. Kg3 {[%emt 0:00:31]} Ne7 {[%emt 0:00:51]} 32. Nxe6 {[%emt 0:00:27]} Kxe6 {[%emt 0:00:04]} 33. Bh3+ {[%emt 0:00:32]} Kf7 {[%emt 0:00:05]} 34. Qf4+ {[%emt 0:00:13]} Ke8 {[%emt 0:00:26]} 35. Qb8+ {[%emt 0:00:17]} Kf7 {[%emt 0:00:07]} 36. Qf4+ {[%emt 0:00:07]} Ke8 {[%emt 0:00:48]} 37. Qb8+ {[%emt 0:00:06]} Kf7 {[%emt 0:00:05]} 1/2-1/2

[Event "4NCL Div 1 2018-19"]
[Site "Daventry"]
[Date "2018.11.10"]
[Round "1"]
[White "Mihov, Filip"]
[Black "Tan, Justin"]
[Result "0-1"]
[WhiteElo "2154"]
[BlackElo "2508"]
[Annotator "ChessBase"]
[PlyCount "68"]
[EventDate "2018.11.10"]
[EventType "team-tourn"]
[EventCountry "GBR"]
[SourceTitle "playchess.com"]
[Source "ChessBase"]
[SourceQuality "1"]
[TimeControl "40/6000+30:3000+30"]

1. d4 {[%emt 0:00:00]} Nf6 {[%emt 0:00:00]} 2. c4 {[%emt 0:00:00]} e6 {[%emt 0:00:00]} 3. Nc3 {[%emt 0:00:05]} Bb4 {[%emt 0:00:00]} 4. e3 {[%emt 0:00:24]} O-O {[%emt 0:00:00]} 5. Bd3 {[%emt 0:00:11]} d5 {[%emt 0:00:00]} 6. a3 {[%emt 0:01:01]} Bxc3+ {[%emt 0:00:02]} 7. bxc3 {[%emt 0:00:05]} dxc4 {[%emt 0:00:05]} 8. Bxc4 {[%emt 0:00:15]} c5 {[%emt 0:00:03]} 9. Nf3 {[%emt 0:06:59]} Qc7 {[%emt 0:00:16]} 10. Qe2 {[%emt 0:01:37]} cxd4 {[%emt 0:06:58]} 11. Nxd4 {[%emt 0:10:32]} e5 {[%emt 0:00:25]} 12. Nc2 {[%emt 0:20:57]} Bf5 {[%emt 0:00:38]} 13. e4 {[%emt 0:22:28]} Bxe4 {[%emt 0:03:17]} 14. Ra2 {[%emt 0:04:17]} Rc8 {[%emt 0:04:50]} 15. Ne3 {[%emt 0:01:44]} Bxg2 {[%emt 0:10:23]} 16. Rg1 {[%emt 0:01:46]} Be4 {[%emt 0:01:11]} 17. h4 {[%emt 0:08:11]} Bg6 {[%emt 0:04:55]} 18. Bd2 {[%emt 0:13:34]} Nbd7 {[%emt 0:00:34]} 19. Rb2 {[%emt 0:01:06]} e4 {[%emt 0:01:23]} 20. Rg5 {[%emt 0:02:49]} Ne5 {[%emt 0:00:36]} 21. Rxe5 {[%emt 0:00:12]} Qxe5 {[%emt 0:00:06]} 22. Rb5 {[%emt 0:00:24]} Rc5 {[%emt 0:01:05]} 23. Rxb7 {[%emt 0:00:42]} Bh5 {[%emt 0:00:10]} 24. Qf1 {[%emt 0:00:24]} Rb8 {[%emt 0:00:25]} 25. Rb4 {[%emt 0:01:11]} a5 {[%emt 0:00:18]} 26. Rxb8+ {[%emt 0:00:21]} Qxb8 {[%emt 0:00:01]} 27. Be2 {[%emt 0:00:16]} Qb1+ {[%emt 0:01:17]} 28. Bd1 {[%emt 0:00:27]} Rc6 {[%emt 0:01:31]} 29. a4 {[%emt 0:00:44]} Rc5 {[%emt 0:04:39]} 30. Qa6 {[%emt 0:01:06]} h6 {[%emt 0:00:59]} 31. Qa7 {[%emt 0:01:43]} Rd5 {[%emt 0:01:42]} 32. c4 {[%emt 0:01:56]} Rd3 {[%emt 0:00:15]} 33. f3 {[%emt 0:05:57]} Bxf3 {[%emt 0:00:15]} 34. Qxa5 {[%emt 0:00:20]} Rxe3+ {[%emt 0:00:07]} 0-1

[Event "4NCL Div 1 2018-19"]
[Site "Daventry"]
[Date "2018.11.10"]
[Round "1"]
[White "Burnett, Andrew"]
[Black "Demuth, Adrien"]
[Result "0-1"]
[WhiteElo "2150"]
[BlackElo "2519"]
[Annotator "TA"]
[PlyCount "80"]
[EventDate "2018.11.10"]
[EventType "team-tourn"]
[EventCountry "GBR"]
[SourceTitle "playchess.com"]
[Source "ChessBase"]
[SourceQuality "1"]

{[%evp 21,80,14,9,9,11,12,10,-40,6,-30,-28,-26,-26,-62,-69,-100,-63,-73,-83,-136,-137,-105,-127,-203,-201,-220,-215,-321,-312,-325,-299,-327,-329,-307,-306,-339,-305,-404,-402,-351,-208,-221,-231,-215,-135,-147,-133,-226,-220,-222,-225,-217,-211,-202,-121,-423,-385,-615,-606,-581,-566]} 1. d4 Nf6 2. Nf3 d5 3. Bf4 c5 4. e3 Nc6 5. Nbd2 e6 6. c3 cxd4 7. exd4 {D02: 1 d4 d5 2 Nf3 sidelines, including 2...Nf6 3 g3 and 2...Nf6 3 Bf4} Nh5 8. Be3 Bd6 9. Bd3 Nf4 10. Bxf4 Bxf4 11. O-O (11. g3 Bd6 12. O-O O-O 13. Re1 Bd7 14. h4 h6 {1-0 (44) Caruana,F (2822)-Aronian,L (2767) chess.com INT 2018}) 11... O-O {LiveBook: 3 Games} 12. g3 Bh6 13. Qc2 g6 {[%cal Bg7g6,Bg6g5,Bg5g4][%mdl 32]} 14. Rae1 Qc7 $146 ({Predecessor:} 14... e5 15. Nxe5 Bh3 16. f4 Bxf1 17. Bxf1 {0-1 (45) Csala,I (2145)-Juhasz,N (1935) Balatonboglar 2016}) 15. Kg2 f6 16. Bb5 Bd7 17. Bxc6 Qxc6 18. Nh4 g5 19. Nhf3 Rae8 20. h4 ({White should try} 20. Nb3) 20... g4 $17 21. Nh2 e5 {[%cal Be6e5,Be5e4][%mdl 32]} 22. Nb3 (22. dxe5 $17 {might work better.} fxe5 23. Qd1) 22... e4 $19 23. Nc5 Bc8 24. c4 (24. Qa4 $142) 24... b6 25. cxd5 Qxd5 26. Qb3 Qxb3 27. Nxb3 f5 28. Rd1 Bb7 29. Rfe1 Bd5 30. Kg1 {White hopes to continue with Nf1.} Rc8 (30... e3 $142 31. Rd3 e2) 31. Nf1 Rc2 32. Rb1 Bxb3 33. axb3 Rfc8 34. Ne3 (34. b4 $17) 34... Bxe3 $1 35. fxe3 {[%mdl 4096] Endgame [#] KRR-KRR} Kf7 $1 36. b4 Ke6 37. b5 Rd2 (37... R8c4 $19 38. b4 h5) 38. Red1 $2 {[%mdl 8192]} (38. Rbc1 $17 Rxc1 39. Rxc1) 38... Re2 39. Re1 (39. d5+ $142 Kd6 40. Re1) 39... Rcc2 40. Rxe2 Rxe2 {Precision: White = 39%, Black = 79%.} 0-1

[Event "4NCL Div 1 2018-19"]
[Site "Daventry"]
[Date "2018.11.10"]
[Round "1"]
[White "Bentley, John L"]
[Black "Serbanescu, Diana-Maria"]
[Result "1-0"]
[WhiteElo "2135"]
[BlackElo "2000"]
[Annotator "ChessBase"]
[PlyCount "99"]
[EventDate "2018.11.10"]
[EventType "team-tourn"]
[EventCountry "GBR"]
[SourceTitle "playchess.com"]
[Source "ChessBase"]
[SourceQuality "1"]
[TimeControl "40/6000+30:3000+30"]

1. d4 {[%emt 0:42:27]} d6 {[%emt 0:00:00]} 2. c4 {[%emt 0:00:08]} e5 {[%emt 0:00:00]} 3. d5 {[%emt 0:00:08]} f5 {[%emt 0:00:21]} 4. e4 {[%emt 0:00:10]} fxe4 {[%emt 0:00:51]} 5. Nc3 {[%emt 0:00:19]} Nf6 {[%emt 0:00:42]} 6. Bg5 {[%emt 0:02:01]} Nbd7 {[%emt 0:01:52]} 7. Nxe4 {[%emt 0:04:29]} Be7 {[%emt 0:01:15]} 8. Bxf6 {[%emt 0:00:18]} Nxf6 {[%emt 0:00:36]} 9. Bd3 {[%emt 0:03:02]} O-O {[%emt 0:08:31]} 10. Ne2 {[%emt 0:04:36]} Nxe4 {[%emt 0:25:41]} 11. Bxe4 {[%emt 0:00:16]} Bh4 {[%emt 0:02:03]} 12. g3 {[%emt 0:27:46]} Bf6 {[%emt 0:05:31]} 13. Qc2 {[%emt 0:00:16]} g6 {[%emt 0:02:29]} 14. h4 {[%emt 0:10:26]} Bg7 {[%emt 0:03:23]} 15. h5 {[%emt 0:00:43]} Qf6 {[%emt 0:06:26]} 16. Nc3 {[%emt 0:00:14]} Bg4 {[%emt 0:07:36]} 17. hxg6 {[%emt 0:01:51]} h5 {[%emt 0:01:04]} 18. Rh2 {[%emt 0:05:17]} a6 {[%emt 0:07:12]} 19. Kf1 {[%emt 0:03:54]} Rae8 {[%emt 0:04:30]} 20. Kg1 {[%emt 0:00:13]} Qg5 {[%emt 0:06:03]} 21. Qc1 {[%emt 0:00:39]} Qxc1+ {[%emt 0:03:46]} 22. Rxc1 {[%emt 0:00:04]} Bh6 {[%emt 0:00:18]} 23. Rf1 {[%emt 0:00:36]} Rf6 {[%emt 0:04:19]} 24. f3 {[%emt 0:00:06]} Ref8 {[%emt 0:00:31]} 25. Kg2 {[%emt 0:00:10]} Kg7 {[%emt 0:02:58]} 26. Rhh1 {[%emt 0:00:08]} Bf5 {[%emt 0:00:50]} 27. Rxh5 {[%emt 0:00:34]} Bxg6 {[%emt 0:01:53]} 28. Rh4 {[%emt 0:00:27]} Bd2 {[%emt 0:02:49]} 29. Nd1 {[%emt 0:01:47]} Bxe4 {[%emt 0:02:21]} 30. Rxe4 {[%emt 0:00:08]} Rg6 {[%emt 0:00:32]} 31. Nf2 {[%emt 0:00:40]} Bf4 {[%emt 0:02:49]} 32. Ng4 {[%emt 0:00:11]} Bd2 {[%emt 0:01:30]} 33. Rd1 {[%emt 0:00:26]} Bg5 {[%emt 0:00:14]} 34. Rd3 {[%emt 0:00:24]} Bc1 {[%emt 0:01:06]} 35. Re2 {[%emt 0:01:03]} Kf7 {[%emt 0:01:56]} 36. Rd1 {[%emt 0:00:11]} Bg5 {[%emt 0:00:22]} 37. Re4 {[%emt 0:00:40]} Kg7 {[%emt 0:01:04]} 38. b4 {[%emt 0:00:51]} b6 {[%emt 0:01:11]} 39. Rd3 {[%emt 0:00:18]} Bc1 {[%emt 0:01:07]} 40. c5 {[%emt 0:01:14]} bxc5 {[%emt 0:01:24]} 41. bxc5 {[%emt 0:50:44]} Rb8 {[%emt 0:00:58]} 42. cxd6 {[%emt 0:00:00]} Rb2+ {[%emt 0:01:40]} 43. Kf1 {[%emt 0:00:00]} cxd6 {[%emt 0:02:30]} 44. Rc4 {[%emt 0:00:00]} Bg5 {[%emt 0:01:23]} 45. Rb3 {[%emt 0:00:00]} Rxa2 {[%emt 0:02:16]} 46. Rb7+ {[%emt 0:00:00]} Kh8 {[%emt 0:02:07]} 47. Rc8+ {[%emt 0:00:00]} Rg8 {[%emt 0:00:00]} 48. Rcc7 {[%emt 0:00:00]} Ra8 {[%emt 0:00:00]} 49. Rh7+ {[%emt 0:00:00]} Kg8 {[%emt 0:00:00]} 50. Ra7 {[%emt 0:00:00]} 1-0

[Event "4NCL Div 1 2018-19"]
[Site "Daventry"]
[Date "2018.11.10"]
[Round "1"]
[White "Pedersen, Carsten"]
[Black "Ledger, Dave J"]
[Result "0-1"]
[WhiteElo "2130"]
[BlackElo "2237"]
[Annotator "ChessBase"]
[PlyCount "112"]
[EventDate "2018.11.10"]
[EventType "team-tourn"]
[EventCountry "GBR"]
[SourceTitle "playchess.com"]
[Source "ChessBase"]
[SourceQuality "1"]
[TimeControl "40/6000+30:3000+30"]

1. e4 {[%emt 0:00:00]} e5 {[%emt 0:00:00]} 2. Bc4 {[%emt 0:00:00]} Nf6 {[%emt 0:02:23]} 3. d3 {[%emt 0:00:00]} Bc5 {[%emt 0:00:50]} 4. Nf3 {[%emt 0:00:00]} d6 {[%emt 0:00:53]} 5. O-O {[%emt 0:04:08]} a6 {[%emt 0:03:26]} 6. a4 {[%emt 0:00:15]} Nc6 {[%emt 0:03:07]} 7. c3 {[%emt 0:08:05]} Ba7 {[%emt 0:00:55]} 8. Re1 {[%emt 0:01:36]} O-O {[%emt 0:02:10]} 9. h3 {[%emt 0:02:10]} Ne7 {[%emt 0:04:53]} 10. Nh4 {[%emt 0:22:20]} Be6 {[%emt 0:09:01]} 11. Bg5 {[%emt 0:19:07]} Bxc4 {[%emt 0:07:53]} 12. dxc4 {[%emt 0:00:08]} Ng6 {[%emt 0:11:58]} 13. Nf5 {[%emt 0:18:42]} h6 {[%emt 0:00:28]} 14. Be3 {[%emt 0:00:06]} Bxe3 {[%emt 0:01:06]} 15. Rxe3 {[%emt 0:00:08]} Nf4 {[%emt 0:01:54]} 16. Nd2 {[%emt 0:11:18]} Kh7 {[%emt 0:07:23]} 17. Nf3 {[%emt 0:01:21]} Nd7 {[%emt 0:02:34]} 18. a5 {[%emt 0:07:17]} Qf6 {[%emt 0:05:25]} 19. b4 {[%emt 0:02:20]} Qg6 {[%emt 0:06:42]} 20. N3h4 {[%emt 0:01:28]} Qe6 {[%emt 0:00:14]} 21. Qf1 {[%emt 0:01:07]} g6 {[%emt 0:04:54]} 22. Ng3 {[%emt 0:00:06]} Rg8 {[%emt 0:02:05]} 23. Nf3 {[%emt 0:04:05]} Raf8 {[%emt 0:01:39]} 24. Nd2 {[%emt 0:00:26]} f5 {[%emt 0:04:06]} 25. Ne2 {[%emt 0:00:35]} Nh5 {[%emt 0:04:04]} 26. f3 {[%emt 0:02:43]} f4 {[%emt 0:06:05]} 27. Rd3 {[%emt 0:00:02]} g5 {[%emt 0:00:36]} 28. Qb1 {[%emt 0:02:25]} Nhf6 {[%emt 0:00:21]} 29. Qa2 {[%emt 0:00:09]} h5 {[%emt 0:01:22]} 30. Kf2 {[%emt 0:01:04]} g4 {[%emt 0:02:25]} 31. hxg4 {[%emt 0:00:06]} hxg4 {[%emt 0:00:04]} 32. c5 {[%emt 0:00:22]} Qxa2 {[%emt 0:01:14]} 33. Rxa2 {[%emt 0:00:01]} dxc5 {[%emt 0:00:10]} 34. Nc4 {[%emt 0:00:22]} Rg7 {[%emt 0:01:05]} 35. Rd1 {[%emt 0:01:10]} Re8 {[%emt 0:02:22]} 36. Rb2 {[%emt 0:00:49]} cxb4 {[%emt 0:03:01]} 37. cxb4 {[%emt 0:00:09]} Re6 {[%emt 0:00:31]} 38. b5 {[%emt 0:00:42]} Nc5 {[%emt 0:01:35]} 39. Nc3 {[%emt 0:01:09]} gxf3 {[%emt 0:01:55]} 40. gxf3 {[%emt 0:00:05]} Nfd7 {[%emt 0:01:50]} 41. Rh1+ {[%emt 0:04:18]} Kg8 {[%emt 0:00:18]} 42. Rd2 {[%emt 0:01:04]} axb5 {[%emt 0:05:27]} 43. Nxb5 {[%emt 0:00:06]} Rc6 {[%emt 0:00:17]} 44. Nba3 {[%emt 0:01:54]} Rcg6 {[%emt 0:09:05]} 45. Rh2 {[%emt 0:00:36]} Rg3 {[%emt 0:01:46]} 46. Nb5 {[%emt 0:03:49]} Ne6 {[%emt 0:08:06]} 47. Rd1 {[%emt 0:02:53]} Ng5 {[%emt 0:01:07]} 48. Nd2 {[%emt 0:14:07]} Nc5 {[%emt 0:02:19]} 49. Rdh1 {[%emt 0:03:34]} Rd7 {[%emt 0:01:56]} 50. Ke1 {[%emt 0:01:31]} Kg7 {[%emt 0:01:51]} 51. Rh5 {[%emt 0:06:39]} Rg2 {[%emt 0:05:28]} 52. R1h2 {[%emt 0:00:20]} Rxh2 {[%emt 0:02:58]} 53. Rxh2 {[%emt 0:00:03]} Rxd2 {[%emt 0:00:18]} 54. Rxd2 {[%emt 0:00:33]} Nxf3+ {[%emt 0:00:04]} 55. Ke2 {[%emt 0:01:10]} Nxd2 {[%emt 0:00:07]} 56. Kxd2 {[%emt 0:00:04]} Nxe4+ {[%emt 0:00:04]} 0-1

[Event "4NCL Div 1 2018-19"]
[Site "Daventry"]
[Date "2018.11.10"]
[Round "1"]
[White "Stoeri, Laura"]
[Black "Ciuksyte, Dagne"]
[Result "1-0"]
[WhiteElo "2113"]
[BlackElo "2303"]
[Annotator "NA"]
[PlyCount "51"]
[EventDate "2018.11.10"]
[EventType "team-tourn"]
[EventCountry "GBR"]
[SourceTitle "playchess.com"]
[Source "ChessBase"]
[SourceQuality "1"]
[TimeControl "40/6000+30:3000+30"]

1. e4 {[%emt 0:00:00]} e6 {[%emt 0:00:00]} 2. d4 {[%emt 0:00:00]} d5 {[%emt 0:00:00]} 3. Nd2 {[%emt 0:00:00]} Nf6 {[%emt 0:00:12]} 4. e5 {[%emt 0:00:00]} Nfd7 {[%emt 0:00:14]} 5. Bd3 {[%emt 0:00:16]} c5 {[%emt 0:00:18]} 6. c3 {[%emt 0:00:04]} Nc6 {[%emt 0:00:06]} 7. Ngf3 {[%emt 0:10:05]} Be7 {[%emt 0:00:30]} 8. O-O {[%emt 0:06:20]} g5 {[%emt 0:00:38]} 9. dxc5 {[%emt 0:00:37]} g4 {[%emt 0:00:35]} 10. Nd4 {[%emt 0:14:29]} Ndxe5 {[%emt 0:00:49]} 11. N2b3 {[%emt 0:14:48]} Nxd3 {[%emt 0:23:31]} 12. Qxd3 {[%emt 0:00:08]} e5 {[%emt 0:05:09]} 13. Nxc6 $1 {[%emt 0:10:38]} bxc6 {[%emt 0:00:04]} 14. Bh6 $11 {[%emt 0:02:39] LiveBook: 8 Games} Be6 {[%emt 0:18:25]} 15. Bg7 {[%emt 0:05:33]} e4 {[%emt 0:04:32]} 16. Qa6 {[%emt 0:00:20]} Rg8 {[%emt 0:06:01]} 17. Qxc6+ {[%emt 0:01:14]} Bd7 {[%emt 0:00:04]} 18. Qh6 {[%emt 0:02:04]} Qc7 {[%emt 0:05:05]} 19. Bd4 {[%emt 0:08:20]} Be6 {[%emt 0:12:54]} 20. Qe3 {[%emt 0:08:37]} f5 {[%emt 0:02:49]} 21. Qh6 {[%emt 0:01:18]} Kd7 {[%emt 0:03:09]} 22. Qxh7 {[%emt 0:05:00]} Rgf8 {[%emt 0:07:22]} 23. Rad1 {[%emt 0:03:39]} a5 {[%emt 0:12:17]} 24. c4 {[%emt 0:02:49]} Rf7 {[%emt 0:02:22]} 25. Qg6 {[%emt 0:01:08]} Qc6 {[%emt 0:00:33]} 26. Be5 {[%emt 0:03:01]} 1-0

[Event "4NCL Div 1 2018-19"]
[Site "Daventry"]
[Date "2018.11.10"]
[Round "1"]
[White "Skulte, Christopher"]
[Black "Ledger, Andrew J"]
[Result "0-1"]
[WhiteElo "2110"]
[BlackElo "2348"]
[Annotator "NA"]
[PlyCount "82"]
[EventDate "2018.11.10"]
[EventType "team-tourn"]
[EventCountry "GBR"]
[SourceTitle "playchess.com"]
[Source "ChessBase"]
[SourceQuality "1"]
[TimeControl "40/6000+30:3000+30"]

1. e4 {[%emt 0:00:00]} e6 {[%emt 0:00:00]} 2. d4 {[%emt 0:00:00]} d5 {[%emt 0:00:00]} 3. Nd2 {[%emt 0:00:02]} c5 {[%emt 0:00:00]} 4. exd5 {[%emt 0:00:56]} Qxd5 {[%emt 0:00:09]} 5. Ngf3 {[%emt 0:00:47]} cxd4 {[%emt 0:00:16]} 6. Bc4 {[%emt 0:00:52]} Qd6 {[%emt 0:00:09]} 7. Qe2 {[%emt 0:01:15]} Nf6 {[%emt 0:01:34]} 8. Nb3 {[%emt 0:00:08]} Nc6 {[%emt 0:00:38]} 9. Bg5 {[%emt 0:01:44]} Qb4+ {[%emt 0:01:52] C07: French Tarrasch: 3...c5, 4 Ngf3 and 4 exd5 Qxd5} 10. Bd2 {[%emt 0:04:03]} Qb6 {[%emt 0:00:09]} 11. O-O-O {[%emt 0:00:50]} Bd7 {[%emt 0:06:46]} 12. Bg5 {[%emt 0:30:25]} Be7 {[%emt 0:10:38]} 13. Nbxd4 {[%emt 0:05:39]} O-O {[%emt 0:02:17]} 14. Rd2 $146 {[%emt 0:17:15]} ({Predecessor:} 14. Nxc6 Bxc6 15. Ne5 Be8 16. h4 Rd8 17. Ng4 {½-½ (42) Maenhout,T (2355)-Berelowitsch,A (2571) Belgium 2010}) 14... a6 {[%emt 0:21:54]} 15. Nb3 {[%emt 0:02:40]} Rfd8 {[%emt 0:05:24]} 16. Rhd1 {[%emt 0:06:16]} Qc7 {[%emt 0:04:09]} 17. Kb1 {[%emt 0:10:16]} Rac8 {[%emt 0:03:34]} 18. Bd3 {[%emt 0:03:38]} Be8 {[%emt 0:04:13]} 19. c3 {[%emt 0:00:31]} g6 {[%emt 0:09:28]} 20. g3 {[%emt 0:00:39]} b5 {[%emt 0:04:21]} 21. Nfd4 {[%emt 0:04:33]} Nxd4 {[%emt 0:03:28]} 22. Nxd4 {[%emt 0:00:27]} Nd5 {[%emt 0:02:58]} 23. Bxe7 {[%emt 0:00:40]} Qxe7 {[%emt 0:00:08]} 24. f4 {[%emt 0:02:48]} Rxc3 {[%emt 0:07:32]} 25. Bc2 {[%emt 0:06:39]} Rc7 {[%emt 0:04:58]} 26. Nf3 {[%emt 0:01:07]} Rdc8 {[%emt 0:02:38]} 27. Bb3 {[%emt 0:00:49]} Nb4 {[%emt 0:02:11]} 28. Ne5 {[%emt 0:01:09]} a5 {[%emt 0:03:21]} 29. a3 {[%emt 0:03:16]} a4 {[%emt 0:00:48]} 30. Bxe6 {[%emt 0:02:51]} Qxe6 {[%emt 0:01:48]} 31. axb4 {[%emt 0:00:22]} a3 {[%emt 0:02:35]} 32. Rd5 {[%emt 0:01:43]} a2+ {[%emt 0:01:48]} 33. Kxa2 {[%emt 0:01:18]} f6 {[%emt 0:02:19]} 34. f5 {[%emt 0:00:19]} Ra7+ {[%emt 0:01:25]} 35. Kb3 {[%emt 0:00:37]} Qa6 {[%emt 0:00:41]} 36. Rc5 {[%emt 0:00:45]} Qa4+ {[%emt 0:00:36]} 37. Kc3 {[%emt 0:00:08]} Rxc5+ {[%emt 0:00:10]} 38. bxc5 {[%emt 0:00:06]} fxe5 {[%emt 0:00:39]} 39. Qxe5 {[%emt 0:00:50]} b4+ {[%emt 0:01:04]} 40. Kd2 {[%emt 0:00:35]} Rd7+ {[%emt 0:00:33]} 41. Ke3 {[%emt 0:50:25]} Rxd1 {[%emt 0:01:22] Kd4 [%clk 00:49:59] [%emt 00:01:06]} 0-1